000 00899nam a22002297a 4500
008 240706b mp ||||| |||| 00| 0 mon d
020 _a978-99973-2-464-1
035 _a22855
040 _aBH0164090
_bmon
_cMN-UlNLM
_dMN-UlNLM
_erda
041 _amon
042 _a98747
084 _2NNA
_a84/2орос/
_bЛ.59
100 _aЛиндгрен А
245 0 _aДээрэмчний охин Рони
264 _aУлаанбаатар
_bМөнхийн үсэг ХХК
_c2017
300 _a232х.
336 _2rdacontent
_atext
_btxt
337 _2rdamedia
_aunmediated
_bn
338 _2rdacarrier
_avolume
_bnc
650 _aУран зөгнөл хийгээд бодит амьдралыг хослуулан бичсэн энэхүү номд үлгэр туульсын үйл явдал санаанд оромгүй амьтдыг жирийн хүсүүси...
942 _2NNA
_cBK
999 _c1120726
_d1120783